Statystyki dla Podział Administracyjny Szczecina

Kliknij tutaj aby rozwiązać quiz!

Ogólne statystyki

  • Ten quiz został rozwiązany 17 razy
  • Średni wynik to 2 z 15

Statystyki odpowiedzi

OdpowiedźOdpowiedź% Poprawnych
Niebuszewo
69%
Dąbie
46%
Centrum
15%
Drzetowo-Grabowo
15%
Golęcino-Gocław
15%
Gumieńce
15%
Kijewo
15%
Majowe
15%
Arkońskie-NiemierzynNiebuszewo-Bolinko
8%
Bukowe-KlęskowoNiebuszewo-Bolinko
8%
Bukowo
8%
Głębokie-Pilchowo
0%
Krzekowo-Bezrzecze
0%
Łękno
0%
Międzyodrze-Wyspa Pucka
0%

Rozkład punktacji

Percentyl według liczby udzielonych odpowiedzi

Procent ludzi z każdym wynikiem

Twoja historia wyników

Nie rozwiązałeś tego quizu